000 00627nam a2200193Ia 4500
008 090123s9999 xx 000 0 und d
082 _b36565
100 _aआर्चर जेफरी
245 _aद परफेक्ट मर्डर
250 _a1
260 _bप्राजक्ता प्रकाशन
_c2004
300 _a144
600 _aआर्चर जेफरी
630 _aद परफेक्ट मर्डर
700 _aबोरुडे संजय
700 _aआर्चर जेफरी
730 _aद परफेक्ट मर्डर
942 _cBOOK
999 _c74633
_d74633